Nhận xét về cách ghi trường âm trong tiếng Nhật (Qua đối chiếu với âm đọc Hán Việt tương ứng) /

Đã lưu trong:
Sonraí Bibleagrafaíochta
Príomhúdar: Lã Minh Hằng.
Údair Eile: .
Formáid: Bài viết
Teanga:Vietnamese
Clibeanna: Cuir Clib Leis
Gan Chlibeanna, Bí ar an gcéad duine leis an taifead seo a chlibeáil!
Thư viện lưu trữ: Thư viện Trường Đại học Đà Lạt
LEADER 00775nam a2200241 4500
001 DLU120141930
005 ##20121005
040 # # |a DLU  |b vie 
041 # # |a vie 
044 # # |a vn 
100 # # |a Lã Minh Hằng. 
245 # # |a Nhận xét về cách ghi trường âm trong tiếng Nhật (Qua đối chiếu với âm đọc Hán Việt tương ứng) /  |c Lã Minh Hằng. 
700 # # |a . 
773 # # |t Hội thảo Quốc tế Ngôn ngữ học Liên Á lần thứ VI   |g , 2005, tr. 113-124 
920 # # |a Phòng Tạp chí -- Trung tâm Thông tin - Thư viện Trường Đại học Đà Lạt 
994 # # |a DLU 
900 # # |a True 
911 # # |a Nguyễn Thị Mai Anh 
925 # # |a G 
926 # # |a A 
927 # # |a BB 
980 # # |a Thư viện Trường Đại học Đà Lạt